[Event "IRT Club Caissa 2019"]
[Site "Guatemala"]
[Date "2019.01.09"]
[Round "1.1"]
[White "Mareco, Sandro"]
[Black "Barreno Anleu, Hugo Augusto"]
[Result "1-0"]
[WhiteElo "2661"]
[BlackElo "2025"]
[Annotator "TA"]
[PlyCount "45"]
[EventDate "2019.01.09"]
[EventType "swiss"]
[EventCountry "GUA"]
[SourceTitle "playchess.com"]
[Source "ChessBase"]
[SourceQuality "1"]

{[%evp 16,45,156,143,177,97,178,181,185,186,323,325,329,313,351,364,418,414,518,487,785,567,1312,1298,1287,1282,1191,1108,1771,1745,1484,1504]} 1. e4 c6 2. d4 d6 3. Nc3 Qc7 4. f4 e5 5. Nf3 Bg4 6. Be3 {B12: Caro-Kann: Advance Variation} Nd7 7. h3 Bxf3 8. Qxf3 Ngf6 9. g4 {LiveBook: 3 Games} g6 (9... O-O-O 10. O-O-O h6 11. Bc4 Nb6 12. Bb3 {1-0 (21) Leko,P (2693)-Auzins,A (2151) Tallinn 2016}) 10. Bc4 ({White should play} 10. O-O-O $18) 10... O-O-O $146 (10... exd4 $16 11. Bxd4 Bg7) ({Predecessor:} 10... Bg7 11. Bxf7+ Kxf7 12. fxe5 dxe5 {1-0 (32) Calzolari,G (1890)-Fragni,E (1859) Saint Vincent 2006}) 11. Bxf7 $18 Kb8 12. O-O-O {Black must now prevent dxe5.} Bg7 (12... exd4 $142 13. Bxd4 Bg7) 13. dxe5 dxe5 14. f5 gxf5 15. exf5 Nb6 16. Bb3 c5 17. Be6 {White is clearly winning.} Bf8 (17... Qc6 $142 18. Qxc6 bxc6 19. Bxc5 Nfd5) 18. g5 Ne8 19. Nb5 Qe7 20. Rxd8+ Qxd8 21. Rd1 Qe7 22. Qg3 Bg7 {[#]} 23. Bxc5 $1 {[%mdl 512] Accuracy: White = 76%, Black = 15%.} 1-0

[Event "IRT Club Caissa 2019"]
[Site "Guatemala"]
[Date "2019.01.09"]
[Round "1.2"]
[White "Diaz, Hector"]
[Black "Almeida Quintana, Omar"]
[Result "0-1"]
[WhiteElo "2007"]
[BlackElo "2540"]
[Annotator "TA"]
[PlyCount "59"]
[EventDate "2019.01.09"]
[EventType "swiss"]
[EventCountry "GUA"]
[SourceTitle "playchess.com"]
[Source "ChessBase"]
[SourceQuality "1"]

{[%evp 26,59,0,-7,0,-8,-10,-71,-68,-113,-113,-132,-150,-144,-161,-150,-161,-135,-155,-150,-145,-167,-159,-168,-159,-237,-240,-219,-223,-366,-368,-325,-337,-338,-329,-860]} 1. d4 d6 2. c4 g6 3. Nf3 Bg7 4. Nc3 Bg4 5. e4 Bxf3 6. gxf3 Nc6 7. Be3 e5 8. d5 Nd4 9. Nb5 c5 {A42: Modern Defence: Averbakh Variation} 10. dxc6 bxc6 11. Nxd4 exd4 12. Bxd4 Qa5+ 13. Ke2 Nf6 14. Bc3 {LiveBook: 5 Games} (14. Bxf6 Bxf6 15. Qxd6 Rd8 16. Qxc6+ Kf8 17. f4 Bxb2 18. Rb1 Qc3 {0-1 (18) Hernandez Carmenates,H (2573)-Almeida Quintana,O (2524) Ciego de Avila 2010}) 14... Qc7 15. Bg2 O-O 16. Bxf6 $146 (16. Re1 $11 {remains equal.}) ({Predecessor:} 16. Re1 d5 17. e5 {½-½ (35) Savina,A (2297)-Paehtz,E (2455) St Petersburg 2009}) 16... Bxf6 $17 17. Qd2 Rab8 18. Rab1 {[#]} d5 $1 {[%mdl 512]} 19. cxd5 cxd5 20. Rhc1 Qxh2 21. Kf1 dxe4 22. fxe4 Rb5 $36 {[%mdl 2048] Black is really pushing.} 23. Qe3 Rfb8 24. Rc2 Bxb2 {...Bd4! is the strong threat.} 25. Qh3 (25. Rd1 $17 {was necessary.}) 25... Qd6 $19 26. Qf3 Be5 27. Rd1 (27. Rxb5 $142 Rxb5 28. Ke2) 27... Rb1 28. Rcc1 Rxc1 29. Rxc1 Rb2 {Hoping for ...Bd4.} 30. Ra1 $2 {Accuracy: White = 25%, Black = 100%.} (30. Kg1) 0-1

[Event "IRT Club Caissa 2019"]
[Site "Guatemala"]
[Date "2019.01.09"]
[Round "1.3"]
[White "Monzon Perez, Calixto Raul"]
[Black "Barrientos, Sergio E"]
[Result "0-1"]
[WhiteElo "1999"]
[BlackElo "2494"]
[Annotator "TA"]
[PlyCount "54"]
[EventDate "2019.01.09"]
[EventType "swiss"]
[EventCountry "GUA"]
[SourceTitle "playchess.com"]
[Source "ChessBase"]
[SourceQuality "1"]

{[%evp 19,54,-30,-16,-32,-29,-23,-28,-27,-34,-40,-33,-38,-20,-26,-30,-24,-14,-20,0,5,30,-49,10,-29,-20,-149,-108,-116,-112,-114,-114,-104,-114,-227,-215,-29991,-29992]} 1. e4 c5 2. Nf3 Nc6 3. d4 cxd4 4. Nxd4 Nf6 5. Nc3 d6 6. Be3 e5 7. Nb3 Be7 8. f3 O-O 9. Qd2 a5 10. a4 Be6 11. Rd1 {B56: Classical Sicilian: Unusual Lines} Nb4 12. Bb5 $146 ({Predecessor:} 12. Qf2 Qc8 13. Bd3 d5 14. exd5 Nfxd5 15. Nxd5 Bxd5 16. O-O Nxd3 17. Rxd3 Bc4 18. Rdd1 Bxf1 19. Rxf1 Qc4 {0-1 (19) Kim,A (2428)-Vorobiov,E (2555) Saratov 2006}) 12... d5 13. exd5 {Black has an edge.} Nfxd5 14. Nxd5 Nxd5 15. Bc5 Qc7 16. Bxe7 Qxe7 17. O-O Rfd8 18. Qf2 Rdc8 19. Rd2 Qg5 20. Kh1 (20. h4 $11 Qe7 21. Re1) 20... h5 (20... Ne3 $15 21. Rg1 {[#]} Nxc2 $1 {[%mdl 576] Remove Defender} 22. Rxc2 Bxb3 23. Rxc8+ Rxc8) 21. Re2 Nf4 $36 {[%mdl 2048] And now ...Bxb3 would win. Black has the initiative.} 22. Qe3 (22. h4 $11 {keeps the balance.} Qf6 23. Rd2) 22... Qf5 23. Rd2 Rxc2 24. Nc5 Rxd2 25. Qxd2 Bd5 26. g3 (26. Nd3 $17 {was worth a try.}) 26... Rc8 $19 27. Bd7 $2 {[#]} (27. Qe3 $19 Qc2 28. gxf4 exf4 29. Qxf4 Qxc5 30. Kg2) 27... Bxf3+ $1 {[%mdl 512] Accuracy: White = 29%, Black = 50%.} 0-1

[Event "IRT Club Caissa 2019"]
[Site "Guatemala"]
[Date "2019.01.09"]
[Round "1.4"]
[White "Cuenca Jimenez, Jose Fernando"]
[Black "Cardona Mejia, Kerin Omar"]
[Result "1-0"]
[WhiteElo "2512"]
[BlackElo "2003"]
[Annotator "TA"]
[PlyCount "87"]
[EventDate "2019.01.09"]
[EventType "swiss"]
[EventCountry "GUA"]
[SourceTitle "playchess.com"]
[Source "ChessBase"]
[SourceQuality "1"]

{[%evp 19,86,8,70,37,42,20,20,20,20,9,4,0,19,23,23,22,16,15,28,28,26,28,30,30,52,52,50,37,51,48,51,43,40,22,44,41,53,54,59,52,60,44,38,29,48,33,110,108,111,111,112,103,105,103,104,101,114,112,110,108,125,133,204,210,379,268,379,379,29999]} 1. Nf3 Nf6 2. c4 g6 3. g3 Bg7 4. Bg2 O-O 5. O-O d6 6. d4 c5 7. Nc3 Nc6 8. dxc5 dxc5 9. Be3 Be6 10. Qa4 Qa5 {LiveBook: 12 Games} (10... Nd7 $11) 11. Qb5 {E65: King's Indian: Fianchetto: 6...c5 7 0-0 without d5 by White} (11. Qxa5 Nxa5 12. Bxc5 Nd7 13. Bd4 Bxc4 14. Bxg7 Kxg7 15. b3 Be6 16. Nd4 Bf5 17. Rfd1 Nf6 18. b4 Nc4 19. Bxb7 {½-½ (59) Le Roux,J (2571)-Howell,D (2644) England 2014}) 11... Qb4 12. Nd2 Rfd8 $146 ({Predecessor:} 12... a6 13. Qxc5 Qxb2 14. Nd5 Nd7 15. Nxe7+ Kh8 16. Qd6 Be5 17. Nxc6 Qxa1 18. Nxe5 Qxa2 19. Nxd7 Bxd7 20. Qf6+ {1-0 (20) Unuk,L (2249)-Syvalahti,T (1923) Gyor 2014}) 13. Rfd1 {The position is equal.} Nd4 14. Bxd4 Rxd4 15. Nb3 Rxc4 16. Qxb7 Qxb7 17. Bxb7 Rb8 18. Ba6 Rcb4 19. Nxc5 Rxb2 20. Nxe6 fxe6 21. Bc4 R2b6 22. Rab1 Kf7 {[#] Threatens to win with ...Rc8.} 23. Rxb6 Rxb6 24. Bb3 a6 25. Rd8 Rc6 26. Nd1 Rd6 27. Rc8 Ne4 28. Kg2 Bd4 29. Bc2 Nf6 30. Rc4 Nd7 31. h4 Bb6 32. Nc3 Ne5 ({Black should try} 32... Rd4 $14 33. Bb3 Rxc4 34. Bxc4 Nc5) 33. Rf4+ $16 Kg7 {[#] Black wants to play ...Rc6.} 34. Ne4 $1 {[%cal Re4d6]} Rd4 35. Ng5 Rxf4 36. Nxe6+ Kf7 37. Nxf4 {[%mdl 4096] Endgame KBN-KBN} Ba7 38. Bb3+ Kg7 39. Ne6+ Kf6 40. Nc7 a5 (40... Ng4 $16 41. e3 (41. Nxa6 Bxf2 42. Kf3 h5 $16) 41... a5 42. Nd5+ Ke6 43. Nb6+ Kf5) 41. f4 $18 {Strongly threatening Nd5+.} Nd7 $2 (41... Ng4 42. Nd5+ Kf5 43. Nxe7+ Ke4 44. Bd5+ Ke3) 42. Ne8+ Kf5 43. Kf3 {[%csl Gf3][%cal Rg3g4]} Nf6 $2 (43... Ne5+ $18 44. fxe5 Kxe5) 44. Ng7# {Accuracy: White = 84%, Black = 45%.} 1-0

[Event "IRT Club Caissa 2019"]
[Site "Guatemala"]
[Date "2019.01.09"]
[Round "1.5"]
[White "Strikovic, Aleksa"]
[Black "Cu Hor, Kelvin Emerson"]
[Result "1-0"]
[WhiteElo "2490"]
[BlackElo "1988"]
[Annotator "TA"]
[PlyCount "61"]
[EventDate "2019.01.09"]
[EventType "swiss"]
[EventCountry "GUA"]
[SourceTitle "playchess.com"]
[Source "ChessBase"]
[SourceQuality "1"]

{[%evp 10,61,72,47,75,76,72,79,79,79,93,68,129,96,112,66,166,83,95,89,85,72,59,54,62,61,55,41,47,59,27,30,593,580,751,431,410,381,580,306,293,231,258,237,1166,1164,29987,1313,29991,29986,29986,29987,29995,2309]} 1. c4 c5 2. Nf3 Nc6 3. Nc3 g6 4. e3 Bg7 5. d4 {[%cal Bd2d4,Bd4d5][%mdl 32]} b6 6. Be2 {LiveBook: 14 Games. A35: Symmetrical English: 2 Nc3 Nc6 3 Nf3} Bb7 (6... Nf6 7. O-O cxd4 8. exd4 O-O 9. d5 Na5 10. Be3 Ba6 11. b3 Rc8 12. Rc1 e6 13. Bd4 Re8 14. Re1 Bh6 15. Rc2 Nh5 16. Ne4 d6 17. dxe6 Rxe6 18. Bf1 Bb7 {½-½ (18) Tkachiev,V (2634)-Bauer,C (2651) Nancy 2015}) 7. d5 Ne5 8. Nxe5 $146 {White is better.} ({Predecessor:} 8. Nd2 d6 9. O-O Nf6 10. f4 Ned7 11. Nf3 O-O 12. e4 a6 13. h3 Ne8 {1-0 (36) Diaz Hollemaert,N (2315)-Celis,G Buenos Aires 1994}) 8... Bxe5 9. e4 d6 10. O-O h5 ({Black should try} 10... Nf6 $14) 11. Bd3 Qd7 12. f4 Bf6 (12... Bd4+ $14 13. Kh1 h4) 13. e5 (13. Qe1 $18) 13... dxe5 $16 14. f5 g5 15. Ne4 g4 16. a3 $36 {[%mdl 2048] White has the initiative.} Bg7 $1 17. b4 Nf6 18. bxc5 Nxe4 19. Bxe4 {[#] And now c6 would win.} bxc5 20. Rb1 Bh6 $2 {[%mdl 8192]} (20... Ba6 $11) 21. f6 $18 exf6 22. Rxf6 Bg7 23. Rf5 Ba6 (23... Bc8 $142 24. Rg5 Bf6) 24. Qc2 Qd6 25. Bg5 Bc8 26. Rf2 Bh6 $2 (26... O-O 27. Bh7+ Kh8) 27. Rf6 Qf8 28. Qd2 (28. Qa4+ $142 Bd7 {[#]} 29. Re6+ $1 {[%mdl 576] Deflection} fxe6 30. Bg6+ {[%mdl 64] Double Attack} Qf7 31. Bxf7+ Kxf7 32. Qxd7+ {[%mdl 64] Double Attack} Kg6 33. Bxh6 Kxh6 34. Qxe6+ {[%mdl 64] Double Attack} Kg5 35. Re1) 28... Bg7 29. d6 {White mates.} Bxf6 30. Bxf6 Rh6 31. Be7 {Accuracy: White = 50%, Black = 26%.} (31. Bc6+ $142 Bd7 32. Bxa8 Rxf6 33. Rb8+ {[%mdl 64] Skewer} Bc8 34. Bc6+ Kd8 35. Qa5#) 1-0

[Event "IRT Club Caissa 2019"]
[Site "Guatemala"]
[Date "2019.01.09"]
[Round "1.6"]
[White "Cotto Mux, Hector Vinicio"]
[Black "Mitkov, Nikola"]
[Result "0-1"]
[WhiteElo "1970"]
[BlackElo "2477"]
[Annotator "TA"]
[PlyCount "60"]
[EventDate "2019.01.09"]
[EventType "swiss"]
[EventCountry "GUA"]
[SourceTitle "playchess.com"]
[Source "ChessBase"]
[SourceQuality "1"]

{[%evp 16,60,0,-5,6,-15,-12,-22,-1,-73,-11,-8,0,-18,-15,-26,-4,-16,-12,-37,0,4,26,5,26,26,42,0,1,-2,14,3,0,0,-8,-8,0,0,0,0,0,0,0,0,9,-605,-590]} 1. d4 d5 2. Nf3 Nf6 3. g3 Bf5 4. Bg2 e6 5. O-O Be7 6. b3 O-O 7. Bb2 c6 8. Nbd2 {[%cal Bb1d2,Bd2f3,Bf3e5][%mdl 32]} Nbd7 9. c4 {LiveBook: 38 Games} a5 {D11: Slav Defence: 3 Nf3 sidelines and 3...Nf6 4 e3 Bg4} (9... h6 10. Ne5 a5 11. Nxd7 Qxd7 12. Re1 Rfd8 13. a3 Rac8 14. c5 Ra8 15. b4 axb4 16. axb4 b6 17. Qb3 Qb7 18. Qc3 bxc5 19. bxc5 {0-1 (76) Golubov,S (2484)-Sarana,A (2562) Taganrog 2018}) 10. a4 h6 11. Rc1 Qb6 {The position is equal.} 12. Ne5 $146 (12. Ne1 $11) ({Predecessor:} 12. Ne1 Rfd8 13. Nd3 Rac8 14. Nf3 dxc4 15. Rxc4 Ne4 16. Nfe5 Nxe5 17. Nxe5 {0-1 (49) Kirsanov,V (2216)-Mannanov,R ICCF email 2014}) 12... Rfd8 (12... Nxe5 $17 13. dxe5 Ne4) 13. Ndf3 Nb8 14. c5 Qc7 15. Nd3 Be4 16. Qd2 Nbd7 17. Qf4 Qc8 18. Nfe5 Bxg2 19. Kxg2 Rf8 20. h4 Ra6 21. Ba3 Nxe5 22. Nxe5 Nd7 23. Nxd7 Qxd7 24. Rc3 Bd8 25. Bc1 Bc7 26. Qg4 f5 $36 {[%mdl 2048] Black fights for an advantage.} 27. Qg6 Rf6 {[%cal Bf8f6,Bf6g6,Bg6g4][%mdl 32]} 28. Qh5 Kh7 29. f4 Rg6 30. Bd2 $2 {[%mdl 8192] [#]} (30. Qf3 $11) 30... Rg4 $1 {Accuracy: White = 40%, Black = 38%.} 0-1

[Event "IRT Club Caissa 2019"]
[Site "Guatemala"]
[Date "2019.01.09"]
[Round "1.7"]
[White "Torres Hernandez, Leslie Carolin"]
[Black "Gonzalez, Renier"]
[Result "0-1"]
[WhiteElo "1934"]
[BlackElo "2451"]
[Annotator "TA"]
[PlyCount "48"]
[EventDate "2019.01.09"]
[EventType "swiss"]
[EventCountry "GUA"]
[SourceTitle "playchess.com"]
[Source "ChessBase"]
[SourceQuality "1"]

{[%evp 13,48,83,87,62,75,47,47,49,55,34,76,66,86,0,0,0,-26,-32,-17,-94,-49,-220,-220,-333,-330,-415,-426,-517,-290,-653,-651,-1188,-1160,-29982,-29983,-3606,-1595]} 1. e4 d5 2. exd5 Qxd5 3. Nf3 c6 (3... g6 4. d4 Bg7 5. Be2 Nf6 6. O-O O-O 7. c4 Qd8 8. Nc3 Bg4 9. h3 Bxf3 10. Bxf3 Nc6 11. Be3 Ne8 12. d5 Ne5 13. c5 b6 14. Be2 bxc5 15. Bxc5 Nd6 16. Rc1 {½-½ (51) Matlakov,M (2738)-Artemiev,V (2696) Moscow 2017}) 4. c4 Qd8 5. Nc3 Bg4 6. Be2 {B01: Scandinavian Defence} Nf6 7. d4 e6 {LiveBook: 9 Games} 8. Be3 $146 {White is better.} ({Predecessor:} 8. O-O Be7 9. h3 Bh5 10. Bf4 O-O 11. Qd2 Nbd7 12. Rfd1 Nb6 13. Ne5 Bxe2 14. Qxe2 Re8 15. Rd3 Nfd7 16. Rad1 Nf8 17. b3 Ng6 {1-0 (58) Rajkovic,M (2303)-Savic,M (2574) Smederevska Palanka 2016}) 8... Be7 9. Ne5 Bxe2 10. Qxe2 O-O 11. O-O-O a6 12. g4 b5 13. Qf3 ({White should play} 13. g5 $16 Nfd7 14. f4) 13... bxc4 $11 14. Nxc4 Nd5 15. Ne4 Nd7 16. h4 (16. g5 $11 {remains equal.}) 16... Qb8 17. Ng5 $2 (17. Bg5 $15) 17... Qb5 $1 $19 {[%cal Rb5c4]} 18. b3 {[#]} (18. Qe2 $142) 18... a5 $1 {[%cal Ba6a5,Ba5a4,Ba4b3][%mdl 32]} 19. Qe4 {[%csl Gg5][%cal Re4h7]} N7f6 20. Qc2 Nb4 21. Qb1 $2 (21. a4 Nxc2 22. axb5 Nxe3 23. Nxe3) 21... a4 22. f3 {[#]} Nxa2+ $1 {[%mdl 576] Remove Defender} 23. Qxa2 axb3 24. Qe2 {[#]} Ra1+ {Accuracy: White = 25%, Black = 81%.} (24... b2+ $142 $1 {[%mdl 512]} 25. Qxb2 (25. Nxb2 Qxe2) 25... Qxc4+ 26. Kb1 Rfb8) 0-1

[Event "IRT Club Caissa 2019"]
[Site "Guatemala"]
[Date "2019.01.09"]
[Round "1.8"]
[White "Zaragatski, Ilja"]
[Black "Blanco, David E."]
[Result "1-0"]
[WhiteElo "2465"]
[BlackElo "1943"]
[Annotator "TA"]
[PlyCount "39"]
[EventDate "2019.01.09"]
[EventType "swiss"]
[EventCountry "GUA"]
[SourceTitle "playchess.com"]
[Source "ChessBase"]
[SourceQuality "1"]

{[%evp 14,39,2,-16,12,18,70,70,139,72,128,155,290,289,294,268,442,441,438,162,170,167,232,227,672,643,924,919]} 1. Nf3 c5 2. g3 Nc6 3. Bg2 g6 4. c4 Bg7 5. Nc3 e6 6. d4 Nxd4 7. Nxd4 cxd4 8. Nb5 {LiveBook: 21 Games. A37: Symmetrical English vs ...g6: 4 Bg2 Bg7 5 Nf3} (8. Ne4 d5 9. Qa4+ Kf8 10. Qa3+ Qe7 11. Nd6 Be5 12. Nxc8 Qxa3 13. bxa3 Rxc8 14. cxd5 exd5 15. Rb1 b6 16. Bxd5 {½-½ (31) Gordievsky,D (2622)-Van Foreest,J (2629) Wijk aan Zee 2018}) 8... d5 9. Qa4 {aiming for Nc7+.} Kf8 $146 (9... Bd7 $11) ({Predecessor:} 9... Bd7 10. Nd6+ Kf8 11. Qa3 Ne7 12. cxd5 exd5 13. Nxb7 Qc7 14. Nc5 Bb5 15. O-O Rc8 16. Nd3 Bxd3 17. exd3 Be5 18. Bh6+ Kg8 19. Rac1 Qd7 20. Qxe7 {1-0 (20) Trauth,M (2275)-Georges,S Lugano 1989}) 10. cxd5 $14 {Hoping for Qa3+.White is slightly better.} exd5 ({Black should play} 10... Ne7 $14) 11. Nxd4 (11. Bf4 $142 $1) 11... Qb6 (11... Bd7 $142 12. Qa3+ (12. Qb4+ Qe7 $14) 12... Qe7) 12. Be3 $16 {And now Nf5! would win.} Bd7 (12... Qd8 $16 13. Rc1 Ne7) 13. Qa3+ $18 (13. Qxd7 $6 Bxd4 14. Bxd4 (14. Bxd5 Ne7 $16) 14... Qxd4 $16) 13... Ne7 {[#]} 14. Nf5 $1 Qxb2 $2 (14... Qf6 {was called for.}) 15. Qxe7+ {[%mdl 64] Double Attack} Kg8 {[#] ( -> ...Bc3+)} 16. O-O $2 (16. Nh6+ $1 Bxh6 17. O-O Bxe3 18. Bxd5 (18. Qxe3 Bc6 $11) (18. Qxd7 Bb6 $14)) 16... Bxf5 17. Bxd5 $40 {[%csl Ge7][%cal Rd5f7][%mdl 192] Double Attack. White has strong attack.} Qf6 (17... Rf8 {was worth a try.} 18. Bc5 (18. Bxa7 Bf6 $16) 18... h5) 18. Qxb7 Rd8 $2 {[#]} (18... Rf8 19. Rfd1 (19. Bxa7 Bc8 $18) (19. Qxa7 Be6 $18) 19... Be6) 19. Bg5 $1 {[%mdl 512]} Bc8 (19... Qxg5 20. Qxf7#) 20. Qc7 {Accuracy: White = 55%, Black =  6%.} 1-0

[Event "IRT Club Caissa 2019"]
[Site "Guatemala"]
[Date "2019.01.10"]
[Round "2.1"]
[White "Velarde Ramirez, Hiram de Jesus"]
[Black "Mareco, Sandro"]
[Result "0-1"]
[WhiteElo "2151"]
[BlackElo "2661"]
[Annotator "TA"]
[PlyCount "72"]
[EventDate "2019.01.09"]
[EventType "swiss"]
[EventCountry "GUA"]
[SourceTitle "playchess.com"]
[Source "ChessBase"]
[SourceQuality "1"]

{[%evp 20,72,8,-10,-2,-3,-1,-2,0,0,5,1,18,10,0,-61,-60,-39,-35,-48,-41,-72,-50,-56,1,-18,0,-35,-39,-46,-38,-51,-71,-45,-37,-45,0,7,48,-17,-20,-45,-18,-17,-25,-133,-86,-84,-83,-139,-125,-243,-254,-806,-787]} 1. Nf3 d5 2. g3 c6 3. Bg2 Nf6 4. O-O Bf5 5. d3 e6 6. b3 Be7 7. Bb2 O-O 8. Nbd2 h6 9. c4 a5 10. a3 Na6 11. Ra2 {LiveBook: 8 Games. A12: English Opening: 1...c6 with b3 by White} (11. Qc2 Bh7 12. Bc3 Nd7 13. Qb2 Bf6 14. b4 Bxc3 15. Qxc3 axb4 16. axb4 Qf6 17. d4 Qe7 18. c5 Nc7 19. Rfc1 {½-½ (32) Bu,X (2710)-Zhou,W (2643) Zaozhuang 2015}) 11... Re8 12. Qa1 Bf8 $146 ({Predecessor:} 12... Bh7 13. Rc1 Rc8 14. Bh3 Nh5 15. Bc3 Bd6 16. cxd5 cxd5 17. Rac2 {1-0 (31) Percivaldi,M (2393)-Jessen,A (2071) Helsingor 2018}) 13. Ne5 {The position is equal.} Nc5 14. Bc3 Qc7 15. Rc1 Red8 16. cxd5 exd5 17. Rac2 (17. Nef3 $11) 17... a4 $15 18. Rb1 axb3 19. Nxb3 Ne6 20. Bb2 Ne8 (20... Qb6 $5 {[%cal Rb6b3]} 21. Nd4 Bxa3 $1 {[%mdl 512]} 22. Bxa3 (22. Nxf5 Bc5 $17) 22... Qxd4 $15) 21. a4 $1 Qe7 (21... Ra6 $15 22. a5 b5) 22. a5 N8c7 23. e4 Bh7 24. Qa4 Qe8 25. f4 f6 26. Ng4 {Bxf6! is the strong threat.} dxe4 27. dxe4 h5 (27... b5 $15 28. Qa2 Nd5) 28. Nf2 $11 Kh8 29. Re1 ({Better is} 29. f5 $14) 29... Na6 30. Bc3 Nac5 $36 {[%mdl 2048] Black has some pressure.} 31. Nxc5 Bxc5 32. Qb3 (32. Qc4 $11 {remains equal.}) 32... Bxf2+ 33. Rxf2 {aiming for e5.} Nc5 $1 {[%csl LRb3,LRe4]} 34. Qc4 ({White should try} 34. Qa3 Nd3 {[%mdl 64] Double Attack} 35. Re3 Nxf2 36. Kxf2) 34... Nd3 $17 {[%mdl 64] White must now prevent ...b5. Double Attack} 35. Rfe2 {[#]} (35. Re3 $17 Bg8 36. Qa4 Nxf2 37. Kxf2) 35... b5 $1 $19 {[%cal Rb5c4]} ({Resist} 35... Nxe1 36. Rxe1 Qg6 37. Qb4 $17) 36. axb6 $2 (36. Qa2 b4 37. Bd2) 36... Bg8 {[%mdl 64] Trapped Piece. Accuracy: White = 27%, Black = 57%.} 0-1

[Event "IRT Club Caissa 2019"]
[Site "Guatemala"]
[Date "2019.01.10"]
[Round "2.2"]
[White "Almeida Quintana, Omar"]
[Black "Chinchilla, Alejandro Jose"]
[Result "1-0"]
[WhiteElo "2540"]
[BlackElo "2128"]
[Annotator "TA"]
[PlyCount "53"]
[EventDate "2019.01.09"]
[EventType "swiss"]
[EventCountry "GUA"]
[SourceTitle "playchess.com"]
[Source "ChessBase"]
[SourceQuality "1"]

{[%evp 17,53,0,34,21,27,31,46,43,43,18,68,70,135,133,135,106,139,137,125,127,149,137,135,145,339,341,359,280,312,238,248,249,250,240,499,479,487,483]} 1. d4 Nf6 2. c4 g6 3. Nc3 d5 4. e3 Bg7 5. Qb3 e6 6. Qa3 c6 {D80: Grünfeld: Unusual White 4th moves and 4 Bg5} 7. Nf3 a5 8. b3 Na6 9. Bd2 Nb4 {LiveBook: 8 Games. aiming for ...Nc2+.} 10. Rc1 O-O (10... b6 11. Be2 Bb7 12. O-O Ne4 13. Qb2 Nxd2 14. Qxd2 {½-½ (93) Rozum,I (2582)-Savchenko,B (2613) Khanty-Mansiysk 2016}) 11. Be2 Bd7 $146 ({Predecessor:} 11... b6 12. Na4 Na6 13. c5 bxc5 14. Nxc5 Nxc5 15. Rxc5 {1-0 (55) Krizsany,L (2385)-Wapner,J (2155) Budapest 1994}) 12. O-O Ne4 13. Be1 Qe7 14. Na4 {Threatens to win with Nb6.} c5 (14... dxc4 $14 15. Nb6 Ra6) 15. Nb6 $16 Rad8 16. cxd5 exd5 {[#]} 17. dxc5 $1 Bg4 18. Bxb4 axb4 19. Qxb4 d4 20. exd4 {[%cal Be3d4,Bd4d5][%mdl 32] Hoping for d5.} Ng5 $2 {[#]} (20... Bxf3 $16 21. Bxf3 Bxd4) 21. d5 $1 $18 h5 22. Nxg5 Bxe2 23. Qe4 Qxe4 24. Nxe4 Bxf1 25. Kxf1 ({Don't take} 25. Rxf1 $6 Be5) 25... f5 $2 (25... Be5 26. Nc4 Bf4) 26. Nd6 Bh6 27. Rc2 {Precision: White = 82%, Black = 34%.} 1-0

[Event "IRT Club Caissa 2019"]
[Site "Guatemala"]
[Date "2019.01.10"]
[Round "2.3"]
[White "Barrientos, Sergio E"]
[Black "Perez, Fredy"]
[Result "1-0"]
[WhiteElo "2494"]
[BlackElo "2110"]
[Annotator "TA"]
[PlyCount "57"]
[EventDate "2019.01.09"]
[EventType "swiss"]
[EventCountry "GUA"]
[SourceTitle "playchess.com"]
[Source "ChessBase"]
[SourceQuality "1"]

{[%evp 20,57,25,27,39,35,36,39,40,39,29,29,29,28,32,9,66,67,82,75,87,79,86,87,85,91,83,59,57,49,130,141,216,219,367,356,340,335,463,459]} 1. Nf3 Nf6 2. g3 g6 3. Bg2 Bg7 4. O-O c5 5. c4 Nc6 6. d4 cxd4 7. Nxd4 O-O 8. Nc3 Nxd4 9. Qxd4 d6 10. Qd2 a6 11. b3 {LiveBook: 28 Games. A39: Symmetrical English vs ...g6: 4 Bg2 Bg7 5 Nf3 Nf6 6 0-0 0-0 7 d4} Qc7 12. Bb2 Bd7 13. Rac1 {White is slightly better.} Rac8 14. Rfd1 Rfd8 15. h3 Bc6 $146 ({Predecessor:} 15... b6 16. g4 Bc6 17. g5 Nh5 18. Bxc6 Qxc6 {1-0 (38) Costa,C (2204)-Ribeiro,J (1914) Florianopolis 2017}) 16. e4 {[%cal Be2e4,Be4d5][%mdl 32]} Qa5 17. a3 Qh5 ({Better is} 17... b5 $11) 18. Nd5 $14 Nxd5 19. exd5 {[#] And now Bxg7 would win.} Bxb2 20. Qxb2 Bd7 21. Re1 Re8 22. h4 Qh6 23. b4 Qg7 24. Qd2 Qf6 (24... b6 $14) 25. c5 $16 {Black must now prevent c6.} Rc7 (25... Ba4 $16 {might work better.} 26. c6 bxc6) 26. c6 $18 bxc6 (26... Bg4 $142 27. a4 Rb8) 27. dxc6 Be6 28. a4 Rb8 {[#]} 29. b5 $1 {[%mdl 512] Accuracy: White = 91%, Black = 49%.} 1-0